Bedrock geology of the Lake Tapps quadrangle, Pierce County, Washington /
"A study of Tertiary sedimentary, volcanic, and intrusive rocks in the western foothills of the Cascade Range."
| Main Author: | |
|---|---|
| Format: | Government Document Book |
| Language: | English |
| Published: |
Washington :
U.S. Govt. Print. Off,
1968.
|
| Series: | Geologic studies in the Puget Sound lowland, Washington.
Geological Survey professional paper ; 388-B. |
| Subjects: |
MARC
| Tag | First Indicator | Second Indicator | Subfields |
|---|---|---|---|
| LEADER | 00000cam a2200000 4500 | ||
| 001 | in00002784873 | ||
| 005 | 20151202171854.0 | ||
| 008 | 700312s1968 dcuab b 000 0 eng | ||
| 010 | |a 70605548 | ||
| 035 | |a (OCoLC)ocm00062186 | ||
| 035 | |a (OCoLC)62186 | ||
| 040 | |a DLC |c DLC |d IAS |d OCLCQ |d OCLCG |d OCLCQ |d ZEM |d NTE |d OCLCO |d UtOrBLW | ||
| 043 | |a n-us-wa | ||
| 049 | |a TXAM | ||
| 050 | 0 | 4 | |a QE75 |b .P9 no. 388-B |
| 051 | |a QE176.P5 |b G35 |c Copy 2. | ||
| 082 | 0 | |a 557.97/78 | |
| 086 | 0 | |a I 19.16:388-B | |
| 100 | 1 | |a Gard, Leonard Meade, |d 1923- | |
| 245 | 1 | 0 | |a Bedrock geology of the Lake Tapps quadrangle, Pierce County, Washington / |c by Leonard M. Gard, Jr. |
| 264 | 1 | |a Washington : |b U.S. Govt. Print. Off, |c 1968. | |
| 300 | |a iii, 33 pages : |b illustrations, maps (2 folded color in pocket) ; |c 29 cm. | ||
| 336 | |a text |b txt |2 rdacontent | ||
| 337 | |a unmediated |b n |2 rdamedia | ||
| 338 | |a volume |b nc |2 rdacarrier | ||
| 490 | 1 | |a Geologic studies in the Puget Sound lowland, Washington | |
| 490 | 1 | |a Geological Survey professional paper 388-B | |
| 504 | |a Bibliography: pages 32-33. | ||
| 520 | |a "A study of Tertiary sedimentary, volcanic, and intrusive rocks in the western foothills of the Cascade Range." | ||
| 650 | 0 | |a Geology |z Washington (State) |z Pierce County. | |
| 776 | 0 | 8 | |i Online version: |a Gard, Leonard Meade, 1923- |t Bedrock geology of the Lake Tapps quadrangle, Pierce County, Washington. |d Washington, U.S. Govt. Print. Off., 1968 |w (OCoLC)798585524 |
| 830 | 0 | |a Geologic studies in the Puget Sound lowland, Washington. | |
| 830 | 0 | |a Geological Survey professional paper ; |v 388-B. | |
| 948 | |a cataloged |b h |c 2012/12/14 |d c |e mvaldespin |f 11:24:44 am | ||
| 994 | |a C0 |b TXA | ||
| 999 | |a MARS | ||
| 999 | f | f | |s cef0833a-27be-330d-893f-5945cf2b940e |i a0b64f5d-76ab-3ec6-9fce-388402dea949 |t 0 |
| 952 | f | f | |p normal |a Texas A&M University |b College Station |c Sterling C. Evans Library |d Evans: US Documents (Annex 5th floor) |t 0 |e I 19.16:386-A-389 |h Superintendent of Documents classification |i unmediated -- volume |m A14837789721 |
| 952 | f | f | |a Texas A&M University |b College Station |c Sterling C. Evans Library |d Evans: US Documents (Annex 5th floor) |t 0 |e I 19.16:386-A-389 |h Superintendent of Documents classification |
| 998 | f | f | |a I 19.16:386-A-389 |t 0 |l Evans: US Documents (Annex 5th floor) |